| 000 | 00841cam a22002771 4500 | ||
|---|---|---|---|
| 999 |
_c10202 _d10202 |
||
| 001 | 7387855 | ||
| 003 | OSt | ||
| 005 | 20210217150745.0 | ||
| 008 | 840723s1938 kyu 000 0 eng | ||
| 010 | _a 42029029 | ||
| 035 | _a(OCoLC)10976296 | ||
| 040 |
_aDLC _cMiBsA _dDLC |
||
| 042 | _apremarc | ||
| 050 | 0 | 0 |
_aBV811 _bN527A |
| 082 |
_a265.1 _bN527A |
||
| 100 | 1 |
_aNevins, William Manlius, _d1872- |
|
| 245 | 1 | 0 |
_aAlien baptism and the Baptists, _cby W. M. Nevins ... |
| 260 |
_a[Louisville, _bPress of the Western recorder, _c1938] |
||
| 300 |
_a288 p. _c19 1/2 cm. |
||
| 504 | _aBibliographical references included in the foreward. | ||
| 650 | 0 |
_aBaptism _xHistory. |
|
| 650 | 0 |
_aBaptists _xControversial literature. |
|
| 650 | 0 |
_aBaptists _xDoctrines. |
|
| 906 |
_a7 _bcbc _coclcrpl _du _encip _f19 _gy-gencatlg |
||
| 942 |
_2ddc _cBK |
||